Struktura marketingového plánu pro produkty určené pro výrobní spotřebu

Načrtnutie obsahu marketingového plánu strategických podnikateľských jednotiek /SPJ/ pre priemyselné odbory produkujúce výrobky určené pre výrobnú spotrebu. Rámcová štruktúra marketingového plánu SPJ, strategický, taktický, operatívny marketingový plán. Obsah jednotlivých častí marketingového plánu...

ver descrição completa

Na minha lista:
Detalhes bibliográficos
Autor principal: Lošťáková, Hana
Formato: Capítulo de Livro
Idioma:tcheco
Assuntos:
Tags: Adicionar Tag
Sem tags, seja o primeiro a adicionar uma tag!

MARC

LEADER 00000naa$a2200000$$$4500
001 0029194
005 20221207123514.2
041 0 |a cze 
044 |a SK 
245 1 0 |a Struktura marketingového plánu pro produkty určené pro výrobní spotřebu  |c Hana Lošťáková 
520 |a Načrtnutie obsahu marketingového plánu strategických podnikateľských jednotiek /SPJ/ pre priemyselné odbory produkujúce výrobky určené pre výrobnú spotrebu. Rámcová štruktúra marketingového plánu SPJ, strategický, taktický, operatívny marketingový plán. Obsah jednotlivých častí marketingového plánu SPJ. V súčasnej etape zmien v trhovo prostredí je nevyhnutné, aby marketingové plány boli vypracované dopredu vo variantoch pre možné scenáre vývoja trhového prostredia a predpovede predaja. 
610 2 0 |a plán marketingový 
610 2 0 |a podnik strategický 
610 2 0 |a podnik priemyselný 
610 2 0 |a konkurencieschopnosť 
610 2 0 |a Česko 
100 1 |a Lošťáková, Hana